Normal view
MARC view
- Salud pública
Entry Materia
001 - NÚMERO DE CONTROL DEL REGISTRO
- campo de control: 8367
003 - IDENTIFICADOR DE NUMERO DE CONTROL
- campo de control: MX-MxUPN
005 - FECHA Y HORA DE LA ÚLTIMA TRANSACCIÓN
- campo de control: 20241011114350.0
008 - DATOS DE LONGITUD FIJA
- campo de control de longitud fija: 241011n||acannbabn n ana |d
035 ## - NÚMERO DE CONTROL DEL SISTEMA
- Número de control del sistema: UPN10000008373
040 ## - FUENTE DE LA CATALOGACIÓN
- Lengua de catalogación: spa
- Agencia de transcripción: DLC
- Centro catalogador de origen: DLC
- Agencia de modificación: MX-MxUPN
150 ## - ENCABEZAMIENTO - TEMÁTICO
- Término de materia o nombre geográfico como elemento inicial: Salud pública
- Subdivisión geográfica: México
670 ## - FUENTE EN LA QUE SE LOCALIZARON DATOS
- Cita de la fuente: Autoridades LC, 11 octubre 2024 :
- Información localizada: (Public health - Mexico)
902 ## - CATALOGADOR
- Catalogador: BDV/301107
- Catalogador: MaríaRobles/111024
